ইসলাম ধর্ম ও মুসলিম দর্শন / (Record no. 76242)
[ view plain ]
| 000 -LEADER | |
|---|---|
| fixed length control field | 00884nam a22002417a 4500 |
| 001 - CONTROL NUMBER | |
| control field | 76242 |
| 003 - CONTROL NUMBER IDENTIFIER | |
| rucl marc code | BD-RjUL |
| 005 - DATE AND TIME OF LATEST TRANSACTION | |
| control field | 20211209082820.0 |
| 008 - FIXED-LENGTH DATA ELEMENTS--GENERAL INFORMATION | |
| fixed length control field | 191117r20092004bg ||||| |||| 00| 0 eng d |
| 020 ## - INTERNATIONAL STANDARD BOOK NUMBER | |
| International Standard Book Number | 9843108027 |
| 035 ## - SYSTEM CONTROL NUMBER | |
| System control number | (BD-RjUL)76463 |
| 040 ## - CATALOGING SOURCE | |
| Original cataloging agency | BD-RjUL |
| Language of cataloging | eng |
| Transcribing agency | BD-RjUL |
| 041 ## - LANGUAGE CODE | |
| Language code of text/sound track or separate title | eng |
| 082 ## - DEWEY DECIMAL CLASSIFICATION NUMBER | |
| Edition number | 23 |
| Classification number | 181.07 |
| Author mark and year | ISI 2009 |
| 100 ## - MAIN ENTRY--PERSONAL NAME | |
| Personal name | ইসলাম, আমিনুল |
| 9 (RLIN) | 234945 |
| 245 10 - TITLE STATEMENT | |
| Title | ইসলাম ধর্ম ও মুসলিম দর্শন / |
| Statement of responsibility, etc. | আমিনুল ইসলাম |
| 250 ## - EDITION STATEMENT | |
| Edition statement | পরিবর্ধিত ও পরিমার্জিত সং. |
| 260 ## - PUBLICATION, DISTRIBUTION, ETC. (IMPRINT) | |
| Place of publication, distribution, etc. | ঢাকা : |
| Name of publisher, distributor, etc. | উত্তরণ, |
| Date of publication, distribution, etc. | ২০০৪ [মুদ্রণ ২০০৯] |
| 300 ## - PHYSICAL DESCRIPTION | |
| Pagination | ৩০৭ পৃ. ; |
| Size | ২৩ সেমি. |
| 650 ## - SUBJECT ADDED ENTRY--TOPICAL TERM | |
| Topical term or geographic name as entry element | ইসলামী দর্শন |
| 9 (RLIN) | 234946 |
| Topical term or geographic name as entry element | Islamic philosophy |
| 9 (RLIN) | 234947 |
| 942 ## - ADDED ENTRY ELEMENTS (KOHA) | |
| Source of classification or shelving scheme | Dewey Decimal Classification |
| Koha item type | Books |
| Lost status | Source of classification or shelving scheme | Damaged status | Not for loan | Collection code | Permanent Location | Current Location | Shelving location | Date acquired | Source of acquisition | Cost, normal purchase price | Total Checkouts | Full call number | Date last seen | Date checked out | Copy number | Koha item type |
|---|---|---|---|---|---|---|---|---|---|---|---|---|---|---|---|---|
| Dewey Decimal Classification | Non-fiction | Central Library, University of Rajshahi | Central Library, University of Rajshahi | 11/11/2019 | Biddasagar | 225.00 | 6 | B 181.07 ISI 2009 | 06/11/2025 | 05/11/2025 | C-2 | Books | ||||
| Dewey Decimal Classification | Not For Loan | Non-fiction | Central Library, University of Rajshahi | Central Library, University of Rajshahi | Reading Room | 11/11/2019 | Biddasagar | 225.00 | B 181.07 ISI 2009 | 17/11/2019 | C-1 | Books |